Warhammer High Elves - Statistics

General Stats
  • This quiz has been taken 119 times
  • The average score is 7 of 10
Answer Stats
Hint Answer % Correct
Mountainous realm with dragons Caledor
84%
Home of Everqueen Avelorn
74%
Birthplace of Dark Elves The Shadowlands
74%
Main route of Dark Elves to inner realms Chrace
66%
Realm with many charioteers Tiranoc
66%
Home of Phoenix King Eataine
64%
Home of horsemasters Ellyrion
63%
Magic or enchanted realm Saphery
61%
Least densely populated realm Yvresse
56%
Realm of seafolk Cothique
54%
No matching quizzes found
Score Distribution
Percent of People with Each Score
Percentile by Number Answered
Your Score History
You have not taken this quiz